LEADER 03258nam 2200649 450 001 9910808492503321 005 20230124193427.0 010 $a1-4422-6037-8 035 $a(CKB)3710000000514463 035 $a(EBL)4096157 035 $a(SSID)ssj0001581531 035 $a(PQKBManifestationID)16259871 035 $a(PQKBTitleCode)TC0001581531 035 $a(PQKBWorkID)14861326 035 $a(PQKB)10055823 035 $a(MiAaPQ)EBC4096157 035 $a(EXLCZ)993710000000514463 100 $a20151208h20162016 uy 0 101 0 $aeng 135 $aur|n|---||||| 181 $ctxt 182 $cc 183 $acr 200 10$aInfographics $ea practical guide for librarians /$fBeverley E. Crane 210 1$aLanham, Maryland :$cRowman & Littlefield,$d2016. 210 4$dİ2016 215 $a1 online resource (207 p.) 225 1 $aPractical Guides for Librarians ;$vNumber 20 300 $aDescription based upon print version of record. 311 $a1-4422-6036-X 311 $a1-4422-6035-1 320 $aIncludes bibliographical references at the end of each chapters and index. 327 $aContents; List of Illustrations; Preface; Acknowledgments; Part 1. INFOGRAPHICS 101; Chapter 1. What Are Infographics?; Chapter 2. Communicating through Infographics; Chapter 3. Creating an Infographic; Chapter 4. Resources to Create Infographics; Part 2. PRACTICAL APPLICATIONS; Chapter 5. Teaching with Infographics; Chapter 6. Fundraising: An Essential Goal of Any Library; Chapter 7. Library Partnerships: A Win-Win Combination; Chapter 8. Increasing Awareness of Underutilized and New Library Services; Chapter 9. Speaking Out: Creating Your Own Story to Advocate for Your Library 327 $aChapter 10. Bringing It All Together: Creating Your Own InfographicIndex; About the Author 330 $aInfographics: A Practical Guide for Librarians is designed for librarians who work with all age levels from youngsters to seniors at all educational, reading and language backgrounds, who must fulfill responsibilities that run the gamut from instructing patrons on information literacy skills to using electronic tools to marketing the library to locating funding, It includes basics about infographics followed by practical applications important for librarians. Visual examples serve as instructional models and exercises reinforce learning. 410 0$aPractical guides for librarians ;$vNumber 20. 606 $aLibrary science$xGraphic methods 606 $aCharts, diagrams, etc$xComputer programs 606 $aCommunication in library science 606 $aVisual communication 606 $aInformation visualization 606 $aPresentation graphics software 615 0$aLibrary science$xGraphic methods. 615 0$aCharts, diagrams, etc.$xComputer programs. 615 0$aCommunication in library science. 615 0$aVisual communication. 615 0$aInformation visualization. 615 0$aPresentation graphics software. 676 $a020.22/2 700 $aCrane$b Beverley E.$01167249 801 0$bMiAaPQ 801 1$bMiAaPQ 801 2$bMiAaPQ 906 $aBOOK 912 $a9910808492503321 996 $aInfographics$93979656 997 $aUNINA LEADER 02029oas 22008053a 450 001 9910219896003321 005 20251106213014.0 011 $a1949-0275 035 $a(OCoLC)38949977 035 $a(CONSER) 2009200300 035 $a(CKB)962824856022 035 $a(EXLCZ)99962824856022 100 $a19980414a19359999 sy a 101 0 $aeng 135 $aur||||||||||| 181 $ctxt$2rdacontent 182 $cc$2rdamedia 183 $acr$2rdacarrier 200 14$aThe education digest 210 $aAnn Arbor, MI $cPrakken Publications 215 $a1 online resource (volumes) 311 0 $a0013-127X 517 1 $aEd digest 606 $aEducation$vPeriodicals 606 $aE?ducation$vPe?riodiques 606 $aEducation$2fast$3(OCoLC)fst00902499 606 $aEducation$vPeriodicals$2nli 606 $aE?ducation$2rasuqam 606 $aEnseignement$2rasuqam 606 $aAdministration scolaire$2rasuqam 608 $aperiodicals.$2aat 608 $aPeriodicals.$2fast 608 $aPeriodicals.$2lcgft 608 $aPe?riodique e?lectronique (Descripteur de forme)$2rasuqam 608 $aRessource Internet (Descripteur de forme)$2rasuqam 608 $aPe?riodiques.$2rvmgf 615 0$aEducation 615 6$aE?ducation 615 7$aEducation. 615 7$aEducation 615 7$aE?ducation. 615 7$aEnseignement. 615 7$aAdministration scolaire. 676 $a370 801 0$bFGA 801 1$bFGA 801 2$bOCL 801 2$bMPB 801 2$bOCL 801 2$bOCLCQ 801 2$bNSD 801 2$bOCLCQ 801 2$bOCLCO 801 2$bOCLCQ 801 2$bOCLCF 801 2$bOCLCO 801 2$bVT2 801 2$bOCLCQ 801 2$bDYJ 801 2$bOCLCQ 801 2$bCUS 801 2$bUAB 801 2$bOCLCL 801 2$bOCLCE 801 2$bCSU 801 2$bOCLCQ 906 $aJOURNAL 912 $a9910219896003321 996 $aThe education digest$91950584 997 $aUNINA